000 00426cam a2200169ua 4500
020 _c1200.00
041 _aeng
_h
082 _a660.6
_bSIN/FO
100 _aSingh, Rita .
245 _aFood biotechnology, Vol.1 /
_cRita Singh.
_hTextual Documents
260 _aNew Delhi :
_bGlobal Vision Publishing House ,
_c2004.
300 _a ; .
365 _a1200.00
504 _a
942 _cBK
999 _c13493
_d13493